Word Ladder: Italian Cities Quiz Stats

 Plays Quiz Updated Mar 7, 2015

Challenge
Share
Tweet
Embed
Score 0/13 Timer 01:30
2 Plays Today
Clue 4-Letter Word % Correct
Capital city of ItalyROME
98.4%
Center of the EarthCORE
95%
Be uninteresting to people around youBORE
93.6%
City in Italy with a leaning towerPISA
93.2%
Not clothedBARE
92.1%
Opposite of goCOME
91.1%
A travel endorsement attached to a passportVISA
89.5%
Flower holderVASE
88.8%
A bundle of hayBALE
86.6%
A clamping tool, in the USVISE
85.7%
An elongated depression between two mountainsVALE
83.6%
Indonesian island made famous in 'South Pacific'BALI
78.8%
Italian city on the Adriatic seaBARI
76.9%

Today's Daily Dose

You're not logged in!

Compare scores with friends on all Sporcle quizzes.
Join for Free
OR
Log In

You Might Also Like...

Show Comments

Extras

Top Quizzes Today


Score Distribution

Your Account Isn't Verified!

In order to create a playlist on Sporcle, you need to verify the email address you used during registration. Go to your Sporcle Settings to finish the process.

Report this User

Report this user for behavior that violates our Community Guidelines.

Details: